| Tag |
First Indicator |
Second Indicator |
Subfields |
| LEADER |
00000cam a2200000 a 4500 |
| 001 |
in00000511162 |
| 005 |
20151013072159.0 |
| 008 |
831007s1983 hk a bs 00100 eng |
| 010 |
|
|
|a 83181067
|
| 020 |
|
|
|a 0195815181
|
| 035 |
|
|
|a (OCoLC)09814493
|
| 035 |
|
|
|9 ACE3417AM
|
| 039 |
0 |
|
|a 2
|b 3
|c 3
|d 3
|e 3
|
| 040 |
|
|
|a DLC
|c DLC
|d TXA
|d UtOrBLW
|
| 043 |
|
|
|a a-hk---
|a a-cc---
|
| 049 |
|
|
|a TXAM
|
| 050 |
0 |
0 |
|a HC470.3
|b .C44 1983
|
| 082 |
0 |
|
|a 337.51051/25
|2 19
|
| 245 |
0 |
0 |
|a China and Hong Kong :
|b the economic nexus /
|c editor, A.J. Youngson.
|
| 264 |
|
1 |
|a Hong Kong ;
|a New York :
|b Oxford University Press,
|c 1983.
|
| 300 |
|
|
|a xi, 315 pages :
|b illustrations ;
|c 23 cm.
|
| 336 |
|
|
|a text
|b txt
|2 rdacontent
|
| 337 |
|
|
|a unmediated
|b n
|2 rdamedia
|
| 338 |
|
|
|a volume
|b nc
|2 rdacarrier
|
| 504 |
|
|
|a Includes bibliographical references and index.
|
| 651 |
|
0 |
|a Hong Kong (China)
|x Economic conditions.
|
| 651 |
|
0 |
|a China
|x Economic policy.
|
| 651 |
|
0 |
|a Hong Kong (China)
|x Foreign economic relations
|z China.
|
| 651 |
|
0 |
|a China
|x Foreign economic relations
|z China
|z Hong Kong.
|
| 700 |
1 |
|
|a Youngson, A. J.
|
| 999 |
|
|
|a MARS
|
| 999 |
f |
f |
|s 2b85bc33-0493-3d0c-864c-cd5d51861c03
|i 303c86a2-d9ed-3c78-9feb-95f99a163237
|t 0
|
| 952 |
f |
f |
|p ric
|a Texas A&M University
|b Rellis Campus
|c Joint Library Facility
|d Remote Storage
|t 0
|e HC470.3 .C44 1983
|h Library of Congress classification
|i unmediated -- volume
|m A14807867971
|
| 998 |
f |
f |
|a HC470.3 .C44 1983
|t 0
|l Remote Storage
|